| 000 | 00758nam a2200217 a 4500 | ||
|---|---|---|---|
| 001 | 5883 | ||
| 003 | CDMR | ||
| 005 | 20130621125818.0 | ||
| 008 | 130220s1996||||||||||||||||||||||||||||d | ||
| 040 |
_aCDMR _bcat _cCDMR |
||
| 245 | 0 | 4 |
_aLes periodistes _b: la Mediterrània i el futur _c[edició: Marta Bach i Carme Mayugo] |
| 260 |
_aBarcelona _bXarxa Europea de Periodistes Espanyoles _c1996 |
||
| 300 |
_a221 p ; _c17 cm |
||
| 500 | _aPonències del seminari celebrat a Barcelona, desembre 1995 | ||
| 650 | 0 | 4 |
_92913 _aDones periodistes |
| 650 | 0 | 4 |
_92030 _aPeriodisme _xOrientació professional |
| 650 | 0 | 4 |
_93866 _aPeriodisme _zMediterrània, Regió |
| 700 | 1 |
_93047 _aBach, Marta |
|
| 710 | 2 |
_93006 _aXarxa Europea de Periodistes Espanyoles |
|
| 942 |
_cMON _2udc |
||
| 999 |
_c5883 _d5883 |
||